书目信息 |
| 题名: |
国际私法习题集
|
|
| 作者: | 黄进 主编 | |
| 分册: | ||
| 出版信息: | 北京 法律出版社 2007.07 |
|
| 页数: | 163页 | |
| 开本: | 26cm | |
| 丛书名: | ||
| 单 册: | ||
| 中图分类: | D997-44 | |
| 科图分类: | ||
| 主题词: | 国际私法--guo ji si fa--高等学校--习题 | |
| 电子资源: | ||
| ISBN: | 978-7-5036-7479-2 | |
| 000 | 00784nam0 2200241 450 | |
| 001 | 0754543265 | |
| 005 | 20080918095516.00 | |
| 010 | @a978-7-5036-7479-2@dCNY20.00 | |
| 100 | @a20070815d2007 km y0chiy0120 ea | |
| 101 | 0 | @achi |
| 102 | @aCN@b110000 | |
| 105 | @ay q 000yy | |
| 200 | 1 | @a国际私法习题集@Aguo ji si fa xi ti ji@f主编黄进 |
| 210 | @a北京@c法律出版社@d2007.07 | |
| 215 | @a163页@d26cm | |
| 300 | @a高校法学专业核心课程配套自测 | |
| 330 | @a本书内容包括:国际私法的概念、国际私法的渊源、国际私法的历史、国际私法关系的主体、法律冲突、冲突规范、准据法的确定等二十四章。 | |
| 606 | 0 | @a国际私法@Aguo ji si fa@x高等学校@j习题 |
| 690 | @aD997-44@v4 | |
| 701 | 0 | @a黄进@Ahuang jin@4主编 |
| 801 | 0 | @aCN@bLR@c20080918 |
| 905 | @aZUCC@dD997-44@eH845 | |
| 999 | @aLYX | |
| 国际私法习题集/主编黄进.-北京:法律出版社,2007.07 |
| 163页;26cm |
| 高校法学专业核心课程配套自测 |
| ISBN 978-7-5036-7479-2:CNY20.00 |
| 本书内容包括:国际私法的概念、国际私法的渊源、国际私法的历史、国际私法关系的主体、法律冲突、冲突规范、准据法的确定等二十四章。 |
| ● |
| 相关链接 |
|
|
|
正题名:国际私法习题集
索取号:D997-44/H845
 
预约/预借
| 序号 | 登录号 | 条形码 | 馆藏地/架位号 | 状态 | 备注 |
| 1 | 678276 | 206782766 | 社科库509/509社科库 111排2列3层/ [索取号:D997-44/H845] | 在馆 | |
| 2 | 678277 | 206782775 | 社科库509/509社科库 111排2列3层/ [索取号:D997-44/H845] | 在馆 | |
| 3 | 678278 | 206782784 | 社科库509/509社科库 111排2列3层/ [索取号:D997-44/H845] | 在馆 |